000 00284nam a22001337a 4500
008 170522b xxu||||| |||| 00| 0 eng d
020 _a9780688102722
041 _aeng
080 _a94
100 _a16
101 _aSHH
245 _aEGYPTIAN MUMMIES
_cBRIER, B
942 _2udc
_cBK
999 _c13757
_d13757